Propuesta de Solución en el Mercadeo Local de la Venta de la Carne de la Empresa Carnic S.A
En el presente trabajo se abordó todo lo que tiene que ver con análisis de precios, posicionamiento, distribución y demás factores que intervienen en un estudio de mercado. También se presenta un análisis FODA
| Main Author: | |
|---|---|
| Other Authors: | |
| Format: | Tesis Section = Libro |
| Language: | Undetermined Spanish |
| Published: |
Managua
UNI
2003
|
| Subjects: |
| LEADER | 00934nam a2200241Ia 4500 | ||
|---|---|---|---|
| 008 | 240830s9999 xx 000 0 und d | ||
| 040 | |a BIBLIOTECA-RUPAP T.MON 658.83 R456 | ||
| 041 | |a spa | ||
| 082 | |a T.MON 658.83 R456 | ||
| 100 | 1 | |a Reyes Matamoros, Edwin Antonio | |
| 245 | 1 | 0 | |a Propuesta de Solución en el Mercadeo Local de la Venta de la Carne de la Empresa Carnic S.A |
| 260 | |a Managua |b UNI |c 2003 | ||
| 300 | |a 44 p. :il. | ||
| 500 | |a Contiene: anexos. | ||
| 502 | |a Tesis (Ingeniero de Sistemas)- UNI, 2003. | ||
| 520 | 3 | |a En el presente trabajo se abordó todo lo que tiene que ver con análisis de precios, posicionamiento, distribución y demás factores que intervienen en un estudio de mercado. También se presenta un análisis FODA | |
| 650 | 7 | |a MERCADO - INVESTIGACIONES | |
| 650 | 7 | |b ESTUDIO DE MERCADO | |
| 650 | 7 | |c MERCADO - VENTAS | |
| 700 | 1 | |a Tutor: | |
| 942 | |c BK |2 ddc | ||
| 991 | |a TESIS | ||
| 999 | |c 18768 | ||